Statystyki dla Jaki kraj reprezentuje ten piłkarz?

Kliknij tutaj aby rozwiązać quiz!

Ogólne statystyki

  • Ten quiz został rozwiązany 1 483 razy
  • Średni wynik to 17 z 22

Statystyki odpowiedzi

PiłkarzKraj% Poprawnych
Christian EriksenDania
98%
Ivan PerisićChorwacja
95%
Alphonse AreolaFrancja
92%
Heung-min SonKorea Południowa
91%
Rodrigo MorenoHiszpania
90%
Keylor NavasKostaryka
89%
Kalidou KoulibalySenegal
89%
Takashi InuiJaponia
88%
Emil ForsbergSzwecja
87%
Marcel SabitzerAustria
83%
Goncalo GuedesPortugalia
83%
Nicolas TagliaficoArgentyna
82%
Josip IlicićSłowenia
80%
Breel EmboloSzwajcaria
79%
Medhi BenatiaMaroko
73%
Hector HerreraMeksyk
70%
Elseid HysajAlbania
68%
Rodrigo BentancurUrugwaj
68%
Sead KolasinacBośnia i Hercegowina
63%
Munis DabburIzrael
53%
Matt MiazgaStany Zjednoczone
46%
Bauyrżan IsłamchanKazachstan
34%

Rozkład punktacji

Percentyl według liczby udzielonych odpowiedzi

Procent ludzi z każdym wynikiem

Twoja historia wyników

Nie rozwiązałeś tego quizu